000 00821nam a2200265 a 4500
001 22644
003 SK-KTurca
005 20260409095940.0
008 090726s2007 xo 000 0 slo d
020 _a9788055114071 (viaz.)
035 _a(SVKBBclas03)vtls000261704
040 _aSVKBB
_bslo
_cSVKBB
_eAACR2
041 1 _aslo
_heng
080 _a821.111(73)-31=162.4
_22001
080 _a821-31
_22001
100 1 _aDeveraux, Jude,
_d1947-
245 1 0 _aVýlet
_cJude Deverauxová ; [ z anglického originálu preložila Miriam Ghainová]
260 _aBratislava
_bIkar
_c2007
300 _a231 s.
_bpozn.
_c21 cm
500 _aPreložené z angličtiny
655 7 _aamerické romány
_2SVKBBPH
700 1 _aGhainová, Miriam
_4trl
765 0 _tCarolina Isle. Slovensky
_aDeveraux, Jude
942 _2ddc
_cKLDO
_n0
999 _c22644
_d22644